000 00689cam a2200229 a 4500
001 15744328
005 20171222040008.0
008 090519s2010 maua 000 0 eng
010 _a 2009929005
020 _a9780312412159 (alk. paper)
020 _a0312412150 (alk. paper)
040 _aDLC
_cDLC
041 _aeng
080 _a37 PAL
_x
082 _a37 PAL
100 1 _a46
101 _aEDU
245 1 0 _aJoining the conversation :
_cMike Palmquist.
906 _a7
_bcbc
_corignew
_d2
_eepcn
_f20
_gy-gencatlg
942 _2ddc
_cBK
999 _c39306
_d39306